000 00284nam a22001337a 4500
008 170407b xxu||||| |||| 00| 0 eng d
020 _a9781437717815
041 _aeng
080 _29TH
_a616
100 _a9
101 _aSHM
245 _aBASIC PATHOLOGY
_cKUMAR
942 _2udc
_cBK
999 _c10265
_d10265